• 首页
  • 本馆介绍
  • 公告通知
  • 最新文献
  • 馆藏检索
  • 电子资源
  • 读者导购
  • 参考咨询
  • 我的图书馆
  • 登录
  • 详细信息显示
  • 放入我的书架
  • 预约/预借图书
  • 作者相关作品
  • 分类相关作品
  • 丛书相关作品
  • 出版社相关作品

书目信息

  • 表格格式
  • 工作单格式
  • 卡片格式
题名:
小学英语教学法
    
 
作者: 王电建 , 赖红玲 编著
分册:  
出版信息: 北京   北京大学出版社  2002
页数: 186页
开本: 20cm
丛书名:
单 册:
中图分类: G623.31
科图分类:
主题词: 教育--各级
电子资源:
ISBN: 7-301-05866-7
000 00686nam0 2200217 450
001 0635664453
005 20070714101057.43
010    @a7-301-05866-7@dCNY10.00
100    @a20060929d2002 km y0chiy0120 ea
101 0  @achi
102    @aCN@b110000
200 1  @a小学英语教学法@Axiao xue ying yu jiao xue fa@f王电建,赖红玲编著@Fwang dian jian,lai hong ling bian zhu
210    @a北京@c北京大学出版社@d2002
215    @a186页@d20cm
300    @a23省市教育学院中小学英语老师继续教育教材系列
606 0  @a教育@x各级
690    @aG623.31@v3
701  0 @a王电建@Awang dian jian@4编著
701  0 @a赖红玲@Alai hong ling@4编著
801  0 @aCN@bNISOFT@c20070714
905    @a10447@dG623.31@e223
    
    小学英语教学法/王电建,赖红玲编著.-北京:北京大学出版社,2002
    186页;20cm
    23省市教育学院中小学英语老师继续教育教材系列
    
    ISBN 7-301-05866-7:CNY10.00
    
●
相关链接 在E读中查询图书 在五车中查询图书 在当当中查询图书 在豆瓣中查询图书


正题名:小学英语教学法     索取号:G623.31/223         预约/预借

序号 登录号 条形码 馆藏地/架位号 状态 备注
1 0493618   204936187   密集书库/ [索取号:G623.31/223] 在馆    
2 0493619   204936196   密集书库/ [索取号:G623.31/223] 在馆    
3 0494421   204944212   密集书库/ [索取号:G623.31/223] 在馆    
4 0494422   204944221   密集书库/ [索取号:G623.31/223] 在馆    
5 0494423   204944230   密集书库/ [索取号:G623.31/223] 在馆    
6 0502015   205020154   密集书库/ [索取号:G623.31/223] 在馆    
7 0503951   205039518   密集书库/ [索取号:G623.31/223] 在馆    
8 0503952   205039527   密集书库/ [索取号:G623.31/223] 在馆    
9 0775374   207753741   密集书库/ [索取号:G623.31/223] 在馆    
10 0775471   207754713   密集书库/ [索取号:G623.31/223] 在馆    
11 0777622   207776227   密集书库/ [索取号:G623.31/223] 在馆    
12 0777637   207776370   密集书库/ [索取号:G623.31/223] 在馆    
13 0778298   207782988   密集书库/ [索取号:G623.31/223] 在馆    
14 0778395   207783950   密集书库/ [索取号:G623.31/223] 在馆    
15 0778637   207786378   密集书库/ [索取号:G623.31/223] 在馆    
16 0778806   207788063   密集书库/ [索取号:G623.31/223] 在馆    
17 0779254   207792548   密集书库/ [索取号:G623.31/223] 在馆    
唐山师范学院图书馆 欢迎您!
大连网信软件有限公司© 版权所有